Fundamentals of Management Essential Concepts & Applications (Record no. 12857)
[ view plain ]
| 000 -LEADER | |
|---|---|
| fixed length control field | 00492nam a22001937a 4500 |
| 003 - CONTROL NUMBER IDENTIFIER | |
| control field | OSt |
| 008 - FIXED-LENGTH DATA ELEMENTS--GENERAL INFORMATION | |
| fixed length control field | 240829b |||||||| |||| 00| 0 eng d |
| 020 ## - INTERNATIONAL STANDARD BOOK NUMBER | |
| International Standard Book Number | 9789332574120 |
| 082 ## - DEWEY DECIMAL CLASSIFICATION NUMBER | |
| Classification number | 658.8 ROF |
| 100 ## - MAIN ENTRY--PERSONAL NAME | |
| Personal name | ROBBINS, Stephen P. |
| 245 ## - TITLE STATEMENT | |
| Title | Fundamentals of Management Essential Concepts & Applications |
| 250 ## - EDITION STATEMENT | |
| Edition statement | 9th. ed. |
| 260 ## - PUBLICATION, DISTRIBUTION, ETC. (IMPRINT) | |
| Place of publication, distribution, etc | Noida, |
| Name of publisher, distributor, etc | Pearson, |
| Date of publication, distribution, etc | 2024, |
| 300 ## - PHYSICAL DESCRIPTION | |
| Extent | 504 p. |
| 650 ## - SUBJECT ADDED ENTRY--TOPICAL TERM | |
| Topical term or geographic name as entry element | Commerce |
| 700 ## - ADDED ENTRY--PERSONAL NAME | |
| Personal name | COULTER, Mary |
| 700 ## - ADDED ENTRY--PERSONAL NAME | |
| Personal name | CENZO, David De |
| 942 ## - ADDED ENTRY ELEMENTS (KOHA) | |
| Source of classification or shelving scheme | Dewey Decimal Classification |
| Koha item type | Text Books |
| Withdrawn status | Lost status | Source of classification or shelving scheme | Damaged status | Not for loan | Collection code | Home library | Current library | Date acquired | Source of acquisition | Currency | Cost, normal purchase price | Bill Number | Total Checkouts | Full call number | Acc. no. / Barcode | Date last seen | Actual Cost, discounted price | Bill Date | Koha item type | Date last borrowed |
|---|---|---|---|---|---|---|---|---|---|---|---|---|---|---|---|---|---|---|---|---|
| Dewey Decimal Classification | B.Com. Hons | PIET NCR College Library | PIET NCR College Library | 24/08/2024 | Zafaa Books & Distributers | In Rupees | 900.00 | ZBD0154 | 658.8 ROF | N3747 | 29/08/2024 | 612.00 | 24/08/2024 | Reference Books | ||||||
| Dewey Decimal Classification | B.Com. Hons | PIET NCR College Library | PIET NCR College Library | 24/08/2024 | Zafaa Books & Distributers | In Rupees | 900.00 | ZBD0154 | 658.8 ROF | N3748 | 29/08/2024 | 612.00 | 24/08/2024 | Text Books | ||||||
| Dewey Decimal Classification | B.Com. Hons | PIET NCR College Library | PIET NCR College Library | 24/08/2024 | Zafaa Books & Distributers | In Rupees | 900.00 | ZBD0154 | 658.8 ROF | N3749 | 29/08/2024 | 612.00 | 24/08/2024 | Text Books | ||||||
| Dewey Decimal Classification | B.Com. Hons | PIET NCR College Library | PIET NCR College Library | 24/08/2024 | Zafaa Books & Distributers | In Rupees | 900.00 | ZBD0154 | 658.8 ROF | N3750 | 29/08/2024 | 612.00 | 24/08/2024 | Text Books | ||||||
| Dewey Decimal Classification | B.Com. Hons | PIET NCR College Library | PIET NCR College Library | 24/08/2024 | Zafaa Books & Distributers | In Rupees | 900.00 | ZBD0154 | 1 | 658.8 ROF | N3751 | 07/10/2024 | 612.00 | 24/08/2024 | Text Books | 24/09/2024 |